|
|
|
|
| LEADER |
02759nam a2200697 i 4500 |
| 001 |
nkc20233577130 |
| 003 |
CZ PrNK |
| 005 |
20240124085648.0 |
| 007 |
ta |
| 008 |
231206s2023 xr ae e f 000 0 cze |
| 015 |
|
|
|a cnb003577130
|
| 020 |
|
|
|a 978-80-200-9993-8
|q (v knize neuvedeno ;
|q brožováno)
|
| 035 |
|
|
|a (OCoLC)1420608059
|
| 040 |
|
|
|a OLA001
|b cze
|e rda
|
| 043 |
|
|
|a e-xr---
|b e-xr-pg
|2 czenas
|
| 045 |
|
|
|a y2y2
|
| 072 |
|
7 |
|a 902
|x Archeologie
|2 Konspekt
|9 8
|
| 080 |
|
|
|a 902.2
|2 MRF
|
| 080 |
|
|
|a 902:904
|2 MRF
|
| 080 |
|
|
|a 343.819
|2 MRF
|
| 080 |
|
|
|a (437.311)
|2 MRF
|
| 080 |
|
|
|a (036)
|2 MRF
|
| 100 |
1 |
|
|a Hasil, Jan
|7 hka2015865810
|4 aut
|
| 245 |
1 |
0 |
|a Pod podpatkem generalissima /
|c Jan Hasil, Iva Hrušková, Daniel Pilař, Petr Hasil, René Kyselý
|
| 250 |
|
|
|a Vydání 1.
|
| 264 |
|
1 |
|a Praha :
|b Středisko společných činností AV ČR, v.v.i., nakladatelství Academia,
|c 2023
|
| 300 |
|
|
|a 23 stran :
|b ilustrace (převážně barevné), plány ;
|c 21 cm
|
| 336 |
|
|
|a text
|b txt
|2 rdacontent
|
| 337 |
|
|
|a bez média
|b n
|2 rdamedia
|
| 338 |
|
|
|a svazek
|b nc
|2 rdacarrier
|
| 490 |
1 |
|
|a Věda kolem nás,
|x 2464-6245 ;
|v 131.
|a Prostory společné paměti
|
| 500 |
|
|
|a Název z obálky
|
| 500 |
|
|
|a Pod názvem: Akademie věd České republiky, Archeologický ústav AV ČR, Praha
|
| 500 |
|
|
|a Obsahuje QR kódy s přístupem k rozšiřujícím materiálům
|
| 504 |
|
|
|a Obsahuje bibliografii
|
| 648 |
|
4 |
|a 1949-1955
|
| 648 |
|
7 |
|a 1948-1956
|7 ch460660
|2 czenas
|
| 648 |
|
7 |
|a 2021
|7 ch1128231
|2 czenas
|
| 648 |
|
7 |
|a 21. století
|7 ch460559
|2 czenas
|
| 650 |
0 |
7 |
|a archeologické výzkumy
|7 ph118577
|z Česko
|y 21. století
|2 czenas
|
| 650 |
0 |
7 |
|a archeologické nálezy
|7 ph137683
|z Česko
|2 czenas
|
| 650 |
0 |
7 |
|a pracovní tábory
|7 ph115874
|z Česko
|y 1948-1956
|2 czenas
|
| 650 |
0 |
9 |
|a excavations (archaeology)
|z Czechia
|y 21st century
|2 eczenas
|
| 650 |
0 |
9 |
|a antiquities
|z Czechia
|2 eczenas
|
| 650 |
0 |
9 |
|a forced labour camps
|z Czechia
|y 1948-1956
|2 eczenas
|
| 651 |
|
7 |
|a Letná (Praha, Česko)
|7 ge128508
|2 czenas
|
| 651 |
|
9 |
|a Letná (Prague, Czechia)
|2 eczenas
|
| 655 |
|
7 |
|a informační publikace
|7 fd132454
|2 czenas
|
| 655 |
|
9 |
|a information publications
|2 eczenas
|
| 700 |
1 |
|
|a Hrušková, Iva
|4 aut
|
| 700 |
1 |
|
|a Pilař, Daniel
|4 aut
|
| 700 |
1 |
|
|a Hasil, Petr
|7 mzk2015886350
|4 aut
|
| 700 |
1 |
|
|a Kyselý, René,
|d 1974-
|7 xx0050335
|4 aut
|
| 710 |
2 |
|
|a Archeologický ústav (Akademie věd ČR : Praha, Česko)
|7 ko2002101891
|4 isb
|
| 830 |
|
0 |
|a Věda kolem nás.
|p Prostory společné paměti
|0 s
|
| 910 |
2 |
|
|a BOA001
|b 2-1518.319
|
| 928 |
9 |
|
|a Academia
|
| 990 |
|
|
|a BK
|
| 995 |
|
|
|a 01
|
| 991 |
|
|
|b 202401
|c NOV
|
| 996 |
6 |
|
|b 2610955833
|c 2-1518.319
|l MZK
|r Sklad / do 1 hodiny
|n 0
|p p.v.
|w 001947589
|u 000010
|a 1
|e BOA001
|j MZK50
|s P
|